Personnages d'anime en images - S - Statistiques

Statistiques générales
  • Ce quiz a été pris 607 fois
    309 depuis la dernière actualisation
  • Le résultat moyen est 12 sur 26
Statistiques - réponses
Par images Réponse % Correct
Sacha Ketchum
97%
Sakura Haruno
97%
Sasuke Uchiwa
97%
Saitama
94%
Sanji
94%
Shanks
87%
Ryomen Sukuna
85%
Tomura Shigaraki
67%
Sôma Yukihira
63%
Sailor Moon
60%
Seiya
48%
Sarah Crewe
37%
Natsuki Subaru
36%
Sabito
34%
Yasutora Sado
34%
Shawn Frost
31%
Robert E. O. Speedwagon
29%
Sophie Hatter
29%
Shinji Ikari
26%
Sora
26%
Spike Spiegel
19%
Shigeo Kageyama
12%
Suzaku Kururugi
8%
Shinya Kōgami
3%
Sheeta
2%
Setsuko
1%
Aucun quiz correspondant
Distribution des résultats
% des personnes avec chaque résultat
Percentile par nombre de réponses
Votre historique - résultats
Vous n’avez pas pris ce quiz depuis la dernière actualisation